000 00728nam a22002177a 4500
999 _c158081
_d158081
005 20181015144358.0
010 _aENG-124314
020 _c2995.00
_a9789386515315
035 _aEN-107846
037 _bDBAD/PUB
082 _a345.5405
100 _a Prasad, Chandramauli Kumar
245 _aRatanlal & Dhirajla the code of civil procedure /
_cby Chandramauli Kumar prasad [and] Namit Saxena
250 _a21st ed.
260 _aGurgaon
_bLexis Nexis
_c2018
270 _a14th floor,Building No-10, Tower-B,DLF Cyber City Phase-11
_bGurgaon
_e122002
300 _acccxxii,2657p.
_c26cm(Hb)
_bill.
500 _aIt includes subject index
700 _a Saxena, Namit
942 _2ddc
_cEN
_mPRA
_h345.5405